00529nam a2200193Ia 4500003000900000008004100009020001800050040001600068080001800084100002000102245009200122260003500214300001000249650001900259650001700278650001600295650000800311650001600319IN-BaIIA211028s9999 xx 000 0 eng d a0-06-010937-8 cIIA Library a523.9-71bDAN aDaniels, George 0aSolar homes and sun heatingcGeorge Daniels  aNew YorkbHarper and Rowc1976 a178p. aNASA Thesaurus aSolar energy aSolar homes aSun aSun heating